000 00404nam a2200133Ia 4500
008 210210b2000 xxu||||| |||| 00| 0 eng d
082 _a320.54 RAOI
100 _aRAO (K Raghavendra).
245 _aImagining unimaginable communities; political and social discourse in modern karnataka.
260 _aVidyaranya
_bPrasaranga
_c2000
300 _axii,156
690 _aPolitical Theory
906 _aSG04177
999 _c114874
_d114874